Engineering mathematics (Record no. 854)

MARC details
000 -LEADER
Fixed length control field 00467nam a2200181 4500
003 - CONTROL NUMBER IDENTIFIER
Control field SEACOMEC
005 - DATE AND TIME OF LATEST TRANSACTION
Control field 20240404134609.0
008 - FIXED-LENGTH DATA ELEMENTS--GENERAL INFORMATION
Fixed length control field 240404b |||||||| |||| 00| 0 eng d
020 ## - INTERNATIONAL STANDARD BOOK NUMBER / ISBN
Price Rs.175.00
040 ## - CATALOGING SOURCE
Original cataloging agency SEACOMEC
082 ## - DEWEY DECIMAL CLASSIFICATION NUMBER
Classification number 510.02462
Book Number A793
100 ## - MAIN ENTRY--PERSONAL NAME
Personal name Arumugam,S.
245 ## - TITLE STATEMENT
Title Engineering mathematics
Statement of responsibility S,Sugarplum,A.thangarbadi,Isase,A,Somasundaraman
250 ## - EDITION STATEMENT
Edition statement 2nd ed.
260 ## - IMPRINT
Place of publication Chennai
Name of publisher Scitech
Date of publication 2001
650 ## - SUBJECT ADDED ENTRY--TOPICAL TERM
Topical term mathematics
942 ## - ADDED ENTRY ELEMENTS (KOHA)
Koha item type Books
Holdings
Withdrawn status Lost status Source of classification Damaged status Not for loan Home library Current library Date acquired Total Checkouts Call number Accession number Date last seen Price effective from Koha item type Copy number Total Renewals Checked out Date checked out
    Dewey Decimal Classification     SEACOM ENGINEERING COLLEGE SEACOM ENGINEERING COLLEGE 05/04/2024   510.02462 A793 03309 05/04/2024 05/04/2024 Books        
    Dewey Decimal Classification     SEACOM ENGINEERING COLLEGE SEACOM ENGINEERING COLLEGE 05/04/2024   510.02462 A793 03310 05/04/2024 05/04/2024 Books 1      
    Dewey Decimal Classification     SEACOM ENGINEERING COLLEGE SEACOM ENGINEERING COLLEGE 05/04/2024   510.02462 A793 03311 05/04/2024 05/04/2024 Books 2      
    Dewey Decimal Classification     SEACOM ENGINEERING COLLEGE SEACOM ENGINEERING COLLEGE 05/04/2024   510.02462 A793 03312 05/04/2024 05/04/2024 Books 3      
    Dewey Decimal Classification     SEACOM ENGINEERING COLLEGE SEACOM ENGINEERING COLLEGE 05/04/2024   510.02462 A793 03313 05/04/2024 05/04/2024 Books 4      
    Dewey Decimal Classification     SEACOM ENGINEERING COLLEGE SEACOM ENGINEERING COLLEGE 05/04/2024   510.02462 A793 03314 05/04/2024 05/04/2024 Books 5      
    Dewey Decimal Classification     SEACOM ENGINEERING COLLEGE SEACOM ENGINEERING COLLEGE 05/04/2024   510.02462 A793 03315 05/04/2024 05/04/2024 Books 6      
    Dewey Decimal Classification     SEACOM ENGINEERING COLLEGE SEACOM ENGINEERING COLLEGE 05/04/2024 1 510.02462 A793 03316 17/03/2026 05/04/2024 Books 7 1 20/04/2026 17/03/2026
    Dewey Decimal Classification     SEACOM ENGINEERING COLLEGE SEACOM ENGINEERING COLLEGE 05/04/2024   510.02462 A793 03317 05/04/2024 05/04/2024 Books 8      
    Dewey Decimal Classification     SEACOM ENGINEERING COLLEGE SEACOM ENGINEERING COLLEGE 05/04/2024   510.02462 A793 03318 05/04/2024 05/04/2024 Books 9      
© Seacom Engineering College, All rights reserved.      Powered by Koha